Datum a čas kvízu

26 Celkem bodů Celkový počet nahraných bodů na tomto kvízu bez doplňovacích otázek.
9. Pořadí na kvízu Konečné umístění týmu na tomto kvízu.

Zaznamenané odpovědi

# Otázka Odpověď Body Výsledky
1. Který živočich si minulý týden... labuť 0
2. Ze kterého důvodu zrušil minul... C 1
3. 78 dní byla na vrcholu žebříčk... Stranger Things 1
4. Minulý týden byla na technolog... lízátko (Lollipop Star) 1
5. Minulý týden proběhl nejdražší... Matyáš Vojta 0
6. Téma o městě, které nikdy nesp... Flatiron (Building)/žehlička 0
7. Seřaďte uvedené události od té... 1A 2B 3D 4C 0
8. Jak si říká tento americký zpě... Lenny Kravitz; New York City 1
9. Turisté v NYC míří nejen do di... 1A 2C 3B 4D 1
10. Jak se jmenuje fiktivní město,... Gotham (City); Bronx 0.5